000 01054nam a2200301Ia 4500
005 20220317001313.0
008 161108s1999 sp g 000 f spa
020 _a9788433966278
100 1 _aNabokov, Vladimir Vladimirovich
_d1899-1977
245 1 3 _aEl ojo
_cVladimir Nabokov ; traducción de Juan Antonio Masoliver Ródenas
250 _aSegunda edición
300 _a112 páginas
_c20 cm
490 _aCompactos
650 1 4 _2LEMB
_aNovela estadounidense
_ySiglo XIX
650 1 4 _2LEMB
_aLiteratura estadounidense
_ySiglo XIX
650 1 4 _2LEMB
_aEmigrantes en la literatura
650 1 4 _2LEMB
_aMisterio en la literatura
650 1 4 _2LEMB
_aIdentidad en la literatura
650 1 4 _2LEMB
_aSuicidas en la literatura
700 1 _aMasoliver Ródenas, Juan Antonio
_d1939-
_etraductor
_999944
942 _2loc
_cBKLIT
264 _aBarcelona
_bAnagrama
_c1999
336 _atexto
_btxt
_2rdacontent
337 _asin mediación
_bn
_2rdamedia
338 _avolumen
_bnc
_2rdacarrier
040 _aCO-BoRNBP
_bspa
_erda
_cCO-BoRNBP
084 _aN NAB1
999 _c6557
_d6557